[Event "Kiel op 34th"]
[White "Dittmann, Hans Adolf"]
[Black "Cordts, Elof"]
[Site "Kiel"]
[Round "8"]
[Result "1-0"]
[Date "2022.08.04"]
[WhiteElo "2063"]
[BlackElo "1662"]
[PlyCount "121"]
[EventDate "2022.07.30"]
[EventType "swiss"]
[EventRounds "9"]
[EventCountry "GER"]
[SourceTitle "CBM 209 Extra"]
[Source "ChessBase"]
[SourceDate "2022.09.30"]
[SourceVersion "1"]
[SourceVersionDate "2022.09.30"]
[SourceQuality "1"]

1. e4 c5 2. Nf3 d6 3. d4 cxd4 4. Nxd4 Nf6 5. Nc3 a6 6. Bg5 e6 7. Qf3 Be7 8. 0-0-0 Nbd7 9. g4 Ne5 10. Qe2 h6 11. Bxf6 gxf6 12. h4 Bd7 13. f4 Ng6 14. Qf3 Qa5 15. Nb3 Qc7 16. h5 Nf8 17. Rh2 0-0-0 18. Rhd2 Bc6 19. Qe3 Kb8 20. Nd4 Bd7 21. Kb1 Qb6 22. Nf5 Qxe3 23. Nxe3 Bc6 24. Nc4 Kc7 25. Na5 Rg8 26. Be2 Nd7 27. Nxc6 bxc6 28. Bf3 Nb6 29. Re1 Bf8 30. Rg2 Be7 31. Ne2 d5 32. Nc1 Nc4 33. Nd3 Rb8 34. b3 Na3+ 35. Kb2 Nb5 36. c3 a5 37. a4 Nd6 38. exd5 cxd5 39. Bxd5 f5 40. gxf5 Nxf5 41. Rxg8 Rxg8 42. Be4 Nd6 43. Bf3 Rg3 44. Rf1 f6 45. Kc2 Nf5 46. Kd2 Rh3 47. Bg4 Rh2+ 48. Rf2 Rh1 49. Bf3 Rb1 50. Kc2 Rg1 51. Nb2 Nd6 52. b4 Nb7 53. Bxb7 Kxb7 54. b5 Rh1 55. Re2 Rxh5 56. Rxe6 Rh2+ 57. Kb3 Bd8 58. Nc4 Rf2 59. Rd6 Bc7 60. Rxf6 Rxf4 61. Nxa5+ 1-0

[Event "Kiel op 34th"]
[White "Cordts, Elof"]
[Black "Rudolph, Johannes"]
[Site "Kiel"]
[Round "1"]
[Result "0-1"]
[Date "2022.07.30"]
[WhiteElo "1662"]
[BlackElo "2363"]
[PlyCount "36"]
[EventDate "2022.07.30"]
[EventType "swiss"]
[EventRounds "9"]
[EventCountry "GER"]
[SourceTitle "CBM 209 Extra"]
[Source "ChessBase"]
[SourceDate "2022.09.30"]
[SourceVersion "1"]
[SourceVersionDate "2022.09.30"]
[SourceQuality "1"]

1. e4 Nf6 2. e5 Nd5 3. d4 d6 4. Nf3 g6 5. Bc4 Nb6 6. Bb3 Bg7 7. 0-0 0-0 8. Re1 Nc6 9. Bf4 Bg4 10. c3 dxe5 11. dxe5 Qxd1 12. Bxd1 Nc4 13. Nd4 Bxd1 14. Rxd1 Nxb2 15. Rd2 Na4 16. Na3 Nxc3 17. Nac2 Rfd8 18. Rd3 Ne2+ 0-1

[Event "Reinstorf op"]
[White "Ebeling, Hans Juergen"]
[Black "Cordts, Elof"]
[Site "Reinstorf"]
[Round "7"]
[Result "0-1"]
[Date "2022.02.04"]
[WhiteElo "1538"]
[BlackElo "1676"]
[PlyCount "126"]
[EventDate "2022.01.29"]
[EventType "swiss"]
[EventRounds "9"]
[EventCountry "GER"]
[SourceTitle "CBM 206 Extra"]
[Source "ChessBase"]
[SourceDate "2022.03.31"]
[SourceVersion "1"]
[SourceVersionDate "2022.03.31"]
[SourceQuality "1"]

1. e4 c5 2. Nc3 d6 3. f4 e6 4. Nf3 Nc6 5. Bb5 Bd7 6. 0-0 a6 7. Be2 Nf6 8. d4 cxd4 9. Nxd4 Be7 10. Be3 Qc7 11. a3 0-0 12. Rc1 Rac8 13. Nf3 Na5 14. Nd2 b5 15. Bd3 Nb7 16. Nb3 Nc5 17. Nxc5 dxc5 18. e5 Ne8 19. Qh5 g6 20. Qh6 f5 21. Rf3 Rf7 22. Rg3 Bc6 23. h4 Bf8 24. Qh5 Rg7 25. Qd1 Rd8 26. Qe1 Bb7 27. Be2 c4 28. Qf2 Qc8 29. Bf3 Bxf3 30. Qxf3 Bc5 31. Rd1 Bxe3+ 32. Qxe3 Rxd1+ 33. Nxd1 Qd8 34. Nc3 Qxh4 35. Rh3 Qd8 36. Qf3 Qd4+ 37. Qf2 Rd7 38. Rf3 Kg7 39. Qxd4 Rxd4 40. Rf2 h6 41. g3 g5 42. Kf1 Kg6 43. Ke2 h5 44. Ke3 Rd7 45. b3 cxb3 46. cxb3 Nc7 47. Rc2 g4 48. b4 h4 49. gxh4 Kh5 50. a4 bxa4 51. Ra2 g3 52. Rxa4 Kxh4 53. Ra1 Kg4 54. Rg1 Kh3 55. Rh1+ Kg2 56. Rh6 Rg7 57. Ke2 Rd7 58. Ke1 Kf3 59. Ne2 Rg7 60. Rh3 Rg6 61. Kf1 Nd5 62. Ng1+ Kg4 63. Ne2 Kxh3 0-1

[Event "Reinstorf Blitz op"]
[White "Schwarz, Jochen"]
[Black "Cordts, Elof"]
[Site "Reinstorf"]
[Round "5"]
[Result "1-0"]
[Date "2022.02.04"]
[WhiteElo "1905"]
[BlackElo "1676"]
[PlyCount "43"]
[EventDate "2022.01.29"]
[EventType "swiss (blitz)"]
[EventRounds "9"]
[EventCountry "GER"]
[SourceTitle "CBM 206 Extra"]
[Source "ChessBase"]
[SourceDate "2022.03.31"]
[SourceVersion "1"]
[SourceVersionDate "2022.03.31"]
[SourceQuality "1"]

1. e4 c5 2. d4 cxd4 3. c3 Nc6 4. cxd4 e6 5. Nf3 d6 6. Nc3 Nf6 7. Bg5 Be7 8. Bd3 a6 9. 0-0 0-0 10. a4 Qc7 11. Rc1 h6 12. Bh4 Re8 13. Re1 Qb6 14. e5 dxe5 15. dxe5 Nd7 16. Bxe7 Rxe7 17. Qe2 Nc5 18. Bb1 Nb3 19. Rcd1 Qc7 20. Qc2 Nc5 21. Qh7+ Kf8 22. Qh8# 1-0

[Event "Reinstorf op"]
[White "Cordts, Elof"]
[Black "Skytte, Robert"]
[Site "Reinstorf"]
[Round "2"]
[Result "1-0"]
[Date "2022.01.30"]
[WhiteElo "1676"]
[BlackElo "1154"]
[PlyCount "75"]
[EventDate "2022.01.29"]
[EventType "swiss"]
[EventRounds "9"]
[EventCountry "GER"]
[SourceTitle "CBM 206 Extra"]
[Source "ChessBase"]
[SourceDate "2022.03.31"]
[SourceVersion "1"]
[SourceVersionDate "2022.03.31"]
[SourceQuality "1"]

1. e4 c6 2. d4 d5 3. Nc3 dxe4 4. Nxe4 Nf6 5. Nxf6+ exf6 6. c3 Bd6 7. Bd3 0-0 8. Ne2 Re8 9. 0-0 Nd7 10. Ng3 Nf8 11. Qf3 Be6 12. Bf4 Bxf4 13. Qxf4 Ng6 14. Qd2 Qd7 15. a3 c5 16. a4 cxd4 17. Bb5 dxc3 18. Qxc3 Qc8 19. Bxe8 Qxc3 20. bxc3 Rxe8 21. Rfc1 Rc8 22. Nf1 Nf4 23. Rc2 h6 24. Ra3 Bf5 25. Rd2 Re8 26. Ne3 Ng6 27. Kf1 Bc8 28. c4 Ne5 29. Rc3 Be6 30. c5 Rc8 31. f4 Nc6 32. f5 Nd8 33. fxe6 Nxe6 34. Rdc2 Nd4 35. Rd2 Ne6 36. Rd7 Rb8 37. Nf5 Kf8 38. Nd6 1-0

[Event "Reinstorf op"]
[White "Wronn, Bernd"]
[Black "Cordts, Elof"]
[Site "Reinstorf"]
[Round "1"]
[Result "1-0"]
[Date "2022.01.29"]
[WhiteElo "2178"]
[BlackElo "1676"]
[PlyCount "137"]
[EventDate "2022.01.29"]
[EventType "swiss"]
[EventRounds "9"]
[EventCountry "GER"]
[SourceTitle "CBM 206 Extra"]
[Source "ChessBase"]
[SourceDate "2022.03.31"]
[SourceVersion "1"]
[SourceVersionDate "2022.03.31"]
[SourceQuality "1"]

1. Nf3 c5 2. c4 Nf6 3. d4 cxd4 4. Nxd4 Nc6 5. Nc3 Nxd4 6. Qxd4 e6 7. e4 d6 8. Be2 Be7 9. Be3 a6 10. 0-0 0-0 11. Na4 Nd7 12. Rfd1 Qc7 13. Rac1 Nc5 14. Nc3 Bd7 15. Qd2 Rfd8 16. f3 Bc6 17. b4 Na4 18. Nd5 Qd7 19. Nxe7+ Qxe7 20. Bg5 f6 21. Bf4 e5 22. Be3 Be8 23. Qc2 Rac8 24. Qb3 Kh8 25. Rc2 a5 26. a3 b6 27. Rcd2 h6 28. c5 bxc5 29. bxa5 c4 30. Bxc4 Nc5 31. Bxc5 Rxc5 32. a6 Qc7 33. Be2 Rb8 34. Qe6 Rc2 35. Rxc2 Qxc2 36. Qc4 Qb2 37. Bf1 Qb6+ 38. Kh1 Bb5 39. Qxb5 Qxb5 40. Bxb5 Rxb5 41. Kg1 Rb6 42. a7 Ra6 43. Rxd6 Rxa7 44. Rd3 Kg8 45. Kf2 Kf7 46. Ke2 Ke6 47. Kd2 f5 48. Kc2 fxe4 49. fxe4 Ra4 50. Re3 Kd6 51. Kb3 Rd4 52. h4 Kc6 53. h5 Kb5 54. Rg3 Rxe4 55. Rxg7 Rh4 56. g4 e4 57. a4+ Ka5 58. Kc4 e3 59. Kd3 Rh3 60. Ra7+ Kb6 61. Rh7 Ka5 62. Rxh6 Kxa4 63. Re6 e2+ 64. Kxe2 Kb5 65. Kf2 Kc5 66. Kg2 Rh4 67. Kg3 Rh1 68. Kf4 Kd5 69. Re8 1-0

[Event "Bad Wiessee Senioren Cup 8th"]
[White "Spanton, Timothy"]
[Black "Cordts, Elof"]
[Site "Bad Wiessee"]
[Round "3"]
[Result "1-0"]
[Date "2019.05.13"]
[WhiteElo "1880"]
[BlackElo "1701"]
[PlyCount "181"]
[EventDate "2019.05.11"]
[EventType "swiss"]
[EventRounds "9"]
[EventCountry "GER"]
[SourceTitle "EXT 2020"]
[Source "ChessBase"]
[SourceDate "2019.10.17"]
[SourceVersion "1"]
[SourceVersionDate "2019.10.17"]
[SourceQuality "1"]

1. c4 c5 2. Nc3 Nf6 3. g3 d5 4. cxd5 Nxd5 5. Bg2 Nf6 6. Nf3 Nc6 7. 0-0 a6 8. d3 e6 9. Bd2 Be7 10. a3 0-0 11. Rb1 Qc7 12. Na2 b6 13. b4 Bb7 14. Qc2 Rac8 15. Rfc1 Qd8 16. Qb3 Nd4 17. Nxd4 Bxg2 18. Nxe6 Qd5 19. Nxf8 Qxb3 20. Rxb3 Bd5 21. Rb2 Kxf8 22. bxc5 bxc5 23. Nb4 Rb8 24. Nxd5 Rxb2 25. Bc3 Rxe2 26. Bxf6 gxf6 27. Nxe7 Rxe7 28. Rxc5 Re6 29. Rc7 a5 30. Rc5 Rd6 31. Rxa5 Rxd3 32. Ra7 Kg7 33. a4 Kg6 34. Kg2 Ra3 35. a5 h5 36. a6 f5 37. Ra8 Kf6 38. a7 Ra2 39. Kf3 Ke7 40. Ke3 Kf6 41. Kd4 Ke7 42. Ke5 Ra5+ 43. Kf4 Kf6 44. f3 Ra3 45. Rh8 Ra4+ 46. Ke3 Rxa7 47. Rxh5 Ra3+ 48. Kf2 Ra2+ 49. Kg1 Kg6 50. Rh4 Rb2 51. Ra4 Rc2 52. Ra1 Rb2 53. Rf1 Ra2 54. Rf2 Ra8 55. Kg2 Ra6 56. Rb2 Rc6 57. Rb5 Ra6 58. Rb2 Kg7 59. Kf2 Ra3 60. Ke2 Kg6 61. Rd2 Rb3 62. h3 Ra3 63. Rd6+ f6 64. Rd3 Ra5 65. Ke3 Ra1 66. Rd4 Ra5 67. Kf4 Rb5 68. h4 Ra5 69. Rb4 Rc5 70. Ke3 Rc3+ 71. Ke2 Ra3 72. Rd4 Ra2+ 73. Ke3 Ra3+ 74. Kf4 Ra5 75. g4 fxg4 76. fxg4 Ra1 77. h5+ Kh6 78. Kf5 Ra6 79. Re4 Kg7 80. Re7+ Kf8 81. Re6 Ra4 82. Rxf6+ Kg7 83. h6+ Kh7 84. Rf7+ Kh8 85. g5 Ra8 86. Re7 Kg8 87. g6 Ra5+ 88. Kf6 Ra6+ 89. Re6 Ra8 90. Rc6 Rb8 91. Ke7 1-0

[Event "Mittelfranken-ch QT"]
[White "Schaller, Michael"]
[Black "Cordts, Elof"]
[Site "Nuremberg"]
[Round "4.5"]
[Result "0-1"]
[Date "2019.04.18"]
[WhiteElo "1328"]
[BlackElo "1684"]
[PlyCount "84"]
[EventDate "2019.04.17"]
[EventType "swiss"]
[EventRounds "7"]
[EventCountry "GER"]
[SourceTitle "EXT 2022"]
[Source "ChessBase"]
[SourceDate "2021.10.06"]
[SourceVersion "1"]
[SourceVersionDate "2021.10.06"]
[SourceQuality "1"]

1. e4 c5 2. Nf3 d6 3. Be2 Nf6 4. Nc3 e6 5. 0-0 Nc6 6. d4 cxd4 7. Nxd4 Be7 8. Bb5 Bd7 9. Nxc6 bxc6 10. Bd3 Qc7 11. Bg5 h6 12. Bxf6 Bxf6 13. Qf3 0-0 14. Be2 Rab8 15. b3 Qa5 16. Rad1 Qxc3 17. Rxd6 Qxf3 18. Bxf3 Rfd8 19. Rd2 Be8 20. Re2 c5 21. c4 Bc6 22. Bg4 Rd4 23. f3 Rbd8 24. e5 Be7 25. f4 Rd2 26. Ref2 R8d4 27. g3 g5 28. Bh5 Rxf2 29. Rxf2 Be8 30. f5 Bd7 31. fxe6 Bxe6 32. Re2 g4 33. Kg2 Bg5 34. Kf2 Rd2 35. Ke1 Rxe2+ 36. Kxe2 Bc1 37. Kf2 Bb2 38. Kg2 Bxe5 39. Kf1 Kg7 40. Ke2 Kf6 41. Ke3 Kg5 42. h4+ Kxh5 0-1

[Event "Mittelfranken-chTB2b 1819"]
[White "Meyer, Juergen1"]
[Black "Cordts, Elof"]
[Site "Mittelfranken"]
[Round "8.6"]
[Result "1/2-1/2"]
[Date "2019.03.31"]
[WhiteElo "1741"]
[BlackElo "1635"]
[PlyCount "55"]
[EventDate "2018.10.14"]
[EventType "team-tourn"]
[EventRounds "9"]
[EventCountry "GER"]
[SourceTitle "EXT 2022"]
[Source "ChessBase"]
[SourceDate "2021.10.06"]
[SourceVersion "1"]
[SourceVersionDate "2021.10.06"]
[SourceQuality "1"]
[WhiteTeam "Uttenreuth"]
[BlackTeam "Erlangen SC IV"]
[WhiteTeamCountry "GER"]
[BlackTeamCountry "GER"]

1. d4 Nf6 2. Nf3 e6 3. e3 c5 4. Bd3 cxd4 5. exd4 Nc6 6. c3 Be7 7. 0-0 0-0 8. Nbd2 Re8 9. Nc4 Bf8 10. Bg5 d6 11. Re1 Be7 12. Qc2 g6 13. Rad1 Nh5 14. Bd2 b5 15. Ne3 a6 16. d5 Ne5 17. Nxe5 dxe5 18. dxe6 Bxe6 19. Be4 Rb8 20. Bc6 Rf8 21. a3 Nf6 22. Bf3 Qc7 23. Bc1 Rfd8 24. Rxd8+ Rxd8 25. Rd1 Kg7 26. Rd2 Rxd2 27. Qxd2 Qd7 28. Qxd7 1/2-1/2

[Event "Mittelfranken-ch QT 67th"]
[White "Cordts, Elof"]
[Black "Rausch, Wolfgang1"]
[Site "Nuremberg"]
[Round "1"]
[Result "0-1"]
[Date "2018.03.28"]
[WhiteElo "1662"]
[BlackElo "1878"]
[PlyCount "40"]
[EventDate "2018.03.28"]
[EventType "swiss"]
[EventRounds "7"]
[EventCountry "GER"]
[SourceTitle "EXT 2020"]
[Source "ChessBase"]
[SourceDate "2019.10.17"]
[SourceVersion "1"]
[SourceVersionDate "2019.10.17"]
[SourceQuality "1"]

1. e4 c6 2. d4 d5 3. Nc3 dxe4 4. Nxe4 Bf5 5. Ng3 Bg6 6. Nf3 Nd7 7. Nh4 Ngf6 8. Nxg6 hxg6 9. Bf4 e6 10. c3 Be7 11. Bd3 Nd5 12. Bd2 Bg5 13. Ne4 Bxd2+ 14. Qxd2 Qe7 15. g3 e5 16. dxe5 Nxe5 17. 0-0-0 0-0-0 18. Qe2 f5 19. Nd2 Nxc3 20. Bxf5+ gxf5 0-1

[Event "Mittelfranken-ch HT 66th"]
[White "Konsek, Peter"]
[Black "Cordts, Elof"]
[Site "Uttenreuth"]
[Round "9"]
[Result "1-0"]
[Date "2017.04.15"]
[WhiteElo "2083"]
[BlackElo "1674"]
[PlyCount "33"]
[EventDate "2017.04.11"]
[EventType "swiss"]
[EventRounds "9"]
[EventCountry "GER"]
[SourceTitle "EXT 2020"]
[Source "ChessBase"]
[SourceDate "2019.10.17"]
[SourceVersion "1"]
[SourceVersionDate "2019.10.17"]
[SourceQuality "1"]

1. e4 c5 2. d4 cxd4 3. c3 dxc3 4. Nxc3 Nc6 5. Nf3 e6 6. Bc4 a6 7. 0-0 Be7 8. Qe2 Qc7 9. Rd1 Nf6 10. e5 Ng4 11. Bf4 g5 12. Nxg5 Ngxe5 13. Bxe6 fxe6 14. Qh5+ Kf8 15. Nxe6+ dxe6 16. Bh6+ Kg8 17. Qe8+ 1-0

[Event "Mittelfranken-ch HT 66th"]
[White "Cordts, Elof"]
[Black "Meyer, Juergen1"]
[Site "Uttenreuth"]
[Round "8"]
[Result "1/2-1/2"]
[Date "2017.04.14"]
[WhiteElo "1674"]
[BlackElo "1839"]
[PlyCount "70"]
[EventDate "2017.04.11"]
[EventType "swiss"]
[EventRounds "9"]
[EventCountry "GER"]
[SourceTitle "EXT 2020"]
[Source "ChessBase"]
[SourceDate "2019.10.17"]
[SourceVersion "1"]
[SourceVersionDate "2019.10.17"]
[SourceQuality "1"]

1. e4 c5 2. Nc3 d6 3. f4 g6 4. Nf3 Bg7 5. a4 Nc6 6. Bb5 Bd7 7. 0-0 e6 8. Bxc6 Bxc6 9. d3 Ne7 10. Qe1 0-0 11. Qh4 f6 12. h3 Qb6 13. Kh2 Rad8 14. b3 Qc7 15. Bd2 d5 16. Kh1 dxe4 17. Nxe4 Nf5 18. Qf2 b6 19. Rae1 e5 20. Nh4 Nd4 21. Bc3 exf4 22. Bxd4 Rxd4 23. Qxf4 Qxf4 24. Rxf4 g5 25. Nf5 gxf4 26. Ne7+ Kf7 27. Nxc6 Rd7 28. a5 Rc8 29. Nxa7 Ra8 30. axb6 Bf8 31. Nb5 Rb8 32. Na3 Rxb6 33. Nc4 Rc6 34. Na5 Rc8 35. Nc4 Rc6 1/2-1/2

[Event "Nuremberg Zabo op 18th"]
[White "Cordts, Elof"]
[Black "Brockbank, Henry W"]
[Site "Nuremberg"]
[Round "1"]
[Result "1/2-1/2"]
[Date "2016.09.16"]
[WhiteElo "1596"]
[BlackElo "2057"]
[PlyCount "28"]
[EventDate "2016.09.16"]
[EventType "swiss"]
[EventRounds "5"]
[EventCountry "GER"]
[SourceTitle "EXT 2018"]
[Source "ChessBase"]
[SourceDate "2017.10.13"]
[SourceVersion "1"]
[SourceVersionDate "2017.10.13"]
[SourceQuality "1"]

1. e4 d5 2. exd5 Nf6 3. d4 Bg4 4. f3 Bf5 5. Bd3 Bxd3 6. Qxd3 Nxd5 7. c3 Nc6 8. Ne2 e6 9. Nf4 Nxf4 10. Bxf4 Bd6 11. Bxd6 Qxd6 12. Nd2 0-0-0 13. 0-0-0 Kb8 14. Kb1 Qd5 1/2-1/2

[Event "Pyramiden Franken Cup"]
[White "Pfadenhauer, Tobias"]
[Black "Cordts, Elof"]
[Site "Fuerth"]
[Round "7"]
[Result "1-0"]
[Date "2016.09.04"]
[WhiteElo "1819"]
[BlackElo "1649"]
[PlyCount "79"]
[EventDate "2016.09.01"]
[EventType "swiss"]
[EventRounds "7"]
[EventCountry "GER"]
[SourceTitle "CBM 174 Extra"]
[Source "ChessBase"]
[SourceDate "2016.10.10"]
[SourceVersion "1"]
[SourceVersionDate "2016.10.10"]
[SourceQuality "1"]

1. d4 Nf6 2. Nf3 e6 3. Bg5 Be7 4. e3 0-0 5. Bd3 h6 6. Bh4 d6 7. 0-0 Nc6 8. c4 Nd7 9. Bxe7 Qxe7 10. Nc3 Nf6 11. Rb1 Nh7 12. b4 Ng5 13. Nxg5 Qxg5 14. b5 Ne7 15. f4 Qh4 16. g3 Qh3 17. Ne4 e5 18. f5 Nxf5 19. Nf2 Nxe3 20. Qf3 Qe6 21. Qxe3 f5 22. dxe5 dxe5 23. Nd1 b6 24. Nc3 Bb7 25. Rbd1 Rad8 26. Rd2 Kh8 27. Rfd1 f4 28. gxf4 Rxf4 29. Be2 Rxd2 30. Rxd2 Qe7 31. Nd5 Qg5+ 32. Qg3 Qxg3+ 33. hxg3 Rd4 34. Rxd4 exd4 35. Nxc7 Be4 36. Bd1 Kg8 37. Ne6 d3 38. Kf2 Bf5 39. Nd4 Bg6 40. Ke3 1-0

[Event "Mittelfranken-ch HT"]
[White "Cordts, Elof"]
[Black "Boehme, Markus"]
[Site "Nuremberg"]
[Round "9"]
[Result "0-1"]
[Date "2016.03.26"]
[WhiteElo "1749"]
[BlackElo "1937"]
[PlyCount "98"]
[EventDate "2016.03.22"]
[EventType "swiss"]
[EventRounds "9"]
[EventCountry "GER"]
[SourceTitle "EXT 2018"]
[Source "ChessBase"]
[SourceDate "2017.10.13"]
[SourceVersion "1"]
[SourceVersionDate "2017.10.13"]
[SourceQuality "1"]

1. e4 c5 2. Nc3 g6 3. f4 Nc6 4. Nf3 Bg7 5. Bb5 Nd4 6. 0-0 Nxb5 7. Nxb5 a6 8. Nc3 d6 9. d3 Nf6 10. a4 0-0 11. Qe1 Rb8 12. Qh4 b5 13. f5 b4 14. Ne2 e5 15. Bh6 Bxh6 16. Qxh6 Ng4 17. Qd2 c4 18. h3 Qb6+ 19. d4 Nf6 20. Qh6 exd4 21. Kh2 d3 22. cxd3 Qc7 23. dxc4 Nxe4 24. f6 Nxf6 25. Ng5 Bf5 26. Rxf5 gxf5 27. Qxf6 d5+ 28. Kh1 Qb6 29. Qxf5 Qg6 30. Qxd5 Rfd8 31. Qa5 Rd2 32. Qe5 Rbd8 33. Nf3 R2d6 34. Ned4 f6 35. Qc5 Qg3 36. Rg1 Qf2 37. Qxb4 Rxd4 38. Nxd4 Qxd4 39. b3 Qf2 40. Qc3 Kg7 41. c5 Qf5 42. c6 Rd3 43. Qxd3 Qxd3 44. Rc1 Qd2 45. Rc4 Qd1+ 46. Kh2 Qxb3 47. Rc1 Qxa4 48. Rc5 Qf4+ 49. Kh1 Qc7 0-1

[Event "Pyramiden Franken Cup"]
[White "Cordts, Elof"]
[Black "Kuespert, Helmut"]
[Site "Fuerth"]
[Round "7"]
[Result "0-1"]
[Date "2015.09.06"]
[WhiteElo "1787"]
[BlackElo "1934"]
[PlyCount "87"]
[EventDate "2015.09.03"]
[EventType "swiss"]
[EventRounds "7"]
[EventCountry "GER"]
[SourceTitle "EXT 2016"]
[Source "ChessBase"]
[SourceDate "2015.10.08"]
[SourceVersion "1"]
[SourceVersionDate "2015.10.08"]
[SourceQuality "1"]

1. c4 Nf6 2. Nc3 c5 3. Nf3 b6 4. d3 Bb7 5. e4 d6 6. Be2 e6 7. 0-0 Be7 8. Bg5 a6 9. Rb1 Nbd7 10. Qd2 h6 11. Bxf6 Bxf6 12. b4 Qc7 13. Rfd1 0-0 14. h3 Rfd8 15. Ne1 Rac8 16. Nc2 cxb4 17. Nxb4 b5 18. f3 a5 19. Nc2 bxc4 20. Nb5 Qb6+ 21. Kh1 cxd3 22. Bxd3 Nc5 23. Ne3 d5 24. exd5 exd5 25. Ng4 Nxd3 26. Qxd3 Ba6 27. a4 Rc4 28. Qa3 Bg5 29. Nd4 Rb4 30. Rxb4 axb4 31. Qa2 Bc4 32. Qb2 Ra8 33. Nf5 f6 34. Ne7+ Kf7 35. Nxd5 Bxd5 36. Rxd5 Rc8 37. Rd7+ Kg8 38. Qb3+ Kh8 39. h4 Bxh4 40. Qb1 Bg3 41. Nxh6 Qe3 42. Nf7+ Kg8 43. Rd8+ Rxd8 44. Nxd8 0-1

[Event "Mittelfranken-ch QT"]
[White "Cordts, Elof"]
[Black "Sroka, Dieter"]
[Site "Nuremberg"]
[Round "7"]
[Result "1-0"]
[Date "2015.04.04"]
[WhiteElo "1779"]
[BlackElo "1752"]
[PlyCount "69"]
[EventDate "2015.04.01"]
[EventType "swiss"]
[EventRounds "7"]
[EventCountry "GER"]
[SourceTitle "CBM 166 Extra"]
[Source "ChessBase"]
[SourceDate "2015.06.18"]
[SourceVersion "1"]
[SourceVersionDate "2015.06.18"]
[SourceQuality "1"]

1. c4 c5 2. Nc3 Nc6 3. Nf3 g6 4. d4 cxd4 5. Nxd4 Bg7 6. Nc2 Nf6 7. e4 d6 8. Be2 0-0 9. 0-0 Nd7 10. Be3 Nc5 11. f3 b6 12. Qd2 Bb7 13. Rad1 Qc8 14. Bh6 Ne6 15. Bxg7 Kxg7 16. f4 f6 17. b3 Ncd8 18. Kh1 Nc5 19. Bf3 Nf7 20. Qe2 e5 21. Bg4 f5 22. exf5 gxf5 23. Bh5 Qe6 24. Nd5 Bxd5 25. Rxd5 e4 26. Ne3 Nh6 27. g4 fxg4 28. Nxg4 Nf5 29. Ne3 Nxe3 30. Qxe3 Qf6 31. f5 Rad8 32. b4 Nd3 33. a3 Ne5 34. Qd4 Rg8 35. c5 1-0